000 00690nam a2200241Ia 4500
005 20260121112733.0
008 8392 260114s9999 xx 000 0 eng d
020 _a9789812702845
037 _aEBOOK
040 _aCRL
_beng
_cCRL
041 _aeng
_2eng
084 _qCRL
100 _aSuganuma H Et Al
_9962407
245 0 _aColor Confinement and Hadrons in Quantum Chromodynamics, Proceedings of the International Conference
260 _bWorld Scientific
260 _bWSPC
260 _c2004
650 _aPhysics
_9962408
856 _uhttps://www.worldscientific.com/worldscibooks/10.1142/5490#t=toc
942 _cEBOOK
999 _c1545692
_d1545692